00302pab a2200121 454500008004000000100001900040245004800059260000900107300001400116362001200130650001100142773002700153180718b2009 xxu||||| |||| 00| 0 eng d aSingh, Bir Pal aEconomy of the Tharu: the changing scenario c2009 ap.251-63. aApr-Jun aTribes aEastern Anthropologist